| Tag |
First Indicator |
Second Indicator |
Subfields |
| LEADER |
00000nam a22000001i 4500 |
| 001 |
in00005675769 |
| 005 |
20260120133849.3 |
| 006 |
m |o d | |
| 007 |
cr |n||||||||| |
| 008 |
260116t20252025gw abe ob 000 0 eng d |
| 020 |
|
|
|a 9783963273230 (electronic bk.)
|
| 020 |
|
|
|a 3963273232 (electronic bk.)
|
| 020 |
|
|
|z 9783963273223
|
| 020 |
|
|
|z 3963273224
|
| 024 |
3 |
|
|a 9783963273223
|
| 035 |
|
|
|a (NhCcYBP)jstor22573/CATS34448449
|
| 040 |
|
|
|a NhCcYBP
|c NhCcYBP
|
| 043 |
|
|
|a a-is---
|
| 050 |
|
4 |
|a DS110.N4
|b B454 2025
|
| 072 |
|
7 |
|a DS
|2 lcco
|
| 100 |
1 |
|
|a Benenstein, Nicolas,
|e author.
|
| 245 |
1 |
0 |
|a Meẓad Yeroḥam :
|b a caravanserai site of the Roman and Byzantine periods in the Negev highlands /
|c Nicolas Benenstein, Oren Tal and Itamar Taxel ; with contributions by Donald T. Ariel [and 12 others].
|
| 246 |
3 |
0 |
|a Caravanserai site of the Roman and Byzantine periods in the Negev highlands
|
| 264 |
|
1 |
|a Münster :
|b Zaphon,
|c 2025.
|
| 264 |
|
4 |
|c ©2025
|
| 300 |
|
|
|a 1 online resource.
|
| 336 |
|
|
|a text
|b txt
|2 rdacontent
|
| 337 |
|
|
|a computer
|b c
|2 rdamedia
|
| 338 |
|
|
|a online resource
|b cr
|2 rdacarrier
|
| 490 |
1 |
|
|a Ägypten und Altes Testament,
|x 0720-9061 ;
|v Band 134
|
| 500 |
|
|
|a Description based on print version record.
|
| 504 |
|
|
|a Includes bibliographical references.
|
| 532 |
1 |
|
|3 JSTOR
|a "We apply WCAG and Section 508 standards to improve the user experience for everyone...The target for JSTOR is WCAG 2.2 Level AA." Source: https://about.jstor.org/accessibility/. Last accessed April 22, 2025.
|
| 588 |
|
|
|a Description based on print version record.
|
| 650 |
|
0 |
|a Caravansaries
|z Israel
|z Negev.
|
| 650 |
|
0 |
|a Pottery, Byzantine
|z Israel
|z Negev.
|
| 650 |
|
0 |
|a Coins, Roman
|z Israel
|z Negev.
|
| 651 |
|
0 |
|a Yeroḥam (Israel)
|x Antiquities.
|
| 651 |
|
0 |
|a Negev (Israel)
|x Antiquities.
|
| 655 |
|
7 |
|a Electronic books.
|2 local
|
| 700 |
1 |
|
|a Tal, Oren,
|e author.
|1 https://id.oclc.org/worldcat/entity/E39PCjrqytJqbGtvd9KDYWhXgq
|
| 700 |
1 |
|
|a Taxel, Itamar,
|e author.
|1 https://id.oclc.org/worldcat/entity/E39PCjJRyKQWCQdkMmh4FmYxCP
|
| 776 |
1 |
8 |
|c Original
|z 9783963273223
|z 3963273224
|
| 830 |
|
0 |
|a Ägypten und Altes Testament ;
|v Bd. 134.
|
| 856 |
4 |
0 |
|u http://proxy.library.tamu.edu/login?url=https://www.jstor.org/stable/10.2307/jj.34457022
|z Connect to the full text of this electronic book
|t 0
|
| 955 |
|
|
|a JSTOR DDA record
|
| 999 |
f |
f |
|i b81ad18d-5c9a-4b17-b43e-c1828ffadfae
|s 52fa448c-b24b-4313-bedc-4b96ef6c6352
|t 0
|
| 952 |
f |
f |
|a Texas A&M University
|b College Station
|c Electronic Resources
|s evans_pda
|d Available Online
|t 0
|e DS110.N4 B454 2025
|h Library of Congress classification
|
| 998 |
f |
f |
|a DS110.N4 B454 2025
|t 0
|l Available Online
|